Влияние рассеянного излучения на выявляемость дефектов; Первая межвузовская научно-техническая конференция по радиационным методам и средствам неразрушающего контроля качества материалов и изделий

Бібліографічні деталі
Parent link:Первая межвузовская научно-техническая конференция по радиационным методам и средствам неразрушающего контроля качества материалов и изделий.— 1966.— С. 24-25
Автор: Кольчужкин А. М.
Інші автори: Учайкин В. В.
Мова:Російська
Опубліковано: 1966
Предмети:
Формат: MixedMaterials Частина з книги
KOHA link:https://koha.lib.tpu.ru/cgi-bin/koha/opac-detail.pl?biblionumber=592119

MARC

LEADER 00000naa0a2200000 4500
001 592119
005 20250828114551.0
035 |a (RuTPU)RU\TPU\tpu\3453 
035 |a TPU00003453 
090 |a 592119 
100 |a 20011210d1966 k||y0rusy50 ca 
101 0 |a rus 
102 |a RU 
200 1 |a Влияние рассеянного излучения на выявляемость дефектов  |f А. М. Кольчужкин, В. В. Учайкин 
463 1 |t Первая межвузовская научно-техническая конференция по радиационным методам и средствам неразрушающего контроля качества материалов и изделий  |v С. 24-25  |o тезисы докладов (25-29 октября 1966 г.)  |d 1966 
610 1 |a материаловедение 
610 1 |a труды учёных ТПУ 
610 1 |a дефектоскопия 
610 1 |a контроль изделий 
700 1 |a Кольчужкин  |b А. М. 
701 1 |a Учайкин  |b В. В. 
801 0 |a RU  |b 63413507  |c 20011210  |g PSBO 
801 2 |a RU  |b 63413507  |c 20070226  |g PSBO 
942 |c BK